[Event "30th Klatovy A 2024"]
[Site "Klatovy CZE"]
[Date "2024.07.01"]
[Round "3.10"]
[White "Polak, Michal 2002"]
[Black "Richter, Martin 1969"]
[Result "1-0"]
[WhiteElo "2075"]
[BlackElo "1921"]
[PlyCount "79"]
[EventDate "2024.06.29"]
[EventType "swiss"]
[EventRounds "9"]
[EventCountry "CZE"]

1. e4 {[%emt 0:00:06]} e6 {[%emt 0:00:14]} 2. d4 {[%emt 0:00:28]} d5 {[%emt 0:00:08]} 3. e5 {[%emt 0:00:03]} c5 {[%emt 0:00:16]} 4. c3 {[%emt 0:00:05]} Nc6 {[%emt 0:00:11]} 5. Nf3 {[%emt 0:00:05]} Bd7 {[%emt 0:00:16]} 6. Bd3 {[%emt 0:00:33]} cxd4 {[%emt 0:00:20]} 7. cxd4 {[%emt 0:00:08]} Qb6 {[%emt 0:00:11]} 8. O-O {[%emt 0:00:09]} Nxd4 {[%emt 0:00:23]} 9. Nbd2 {[%emt 0:00:28]} Nc6 {[%emt 0:06:12]} 10. Re1 {[%emt 0:05:07]} Nge7 {[%emt 0:00:43]} 11. Nb3 {[%emt 0:06:05]} Ng6 {[%emt 0:08:30]} 12. Be3 {[%emt 0:18:36]} Qd8 {[%emt 0:00:11]} 13. Nc5 {[%emt 0:14:15]} Rb8 {[%emt 0:08:24]} 14. Rc1 {[%emt 0:06:54]} Be7 {[%emt 0:16:47]} 15. Bb1 {[%emt 0:30:01]} b6 {[%emt 0:08:47]} 16. Nxd7 {[%emt 0:09:20]} Qxd7 {[%emt 0:00:16]} 17. h4 {[%emt 0:01:10]} Rc8 {[%emt 0:13:27]} 18. Qc2 {[%emt 0:06:07]} O-O {[%emt 0:01:54]} 19. h5 {[%emt 0:00:49]} Nb4 {[%emt 0:07:49]} 20. Qb3 {[%emt 0:00:26]} Nh8 {[%emt 0:01:11]} 21. a3 {[%emt 0:00:33]} Nc6 {[%emt 0:04:21]} 22. Qd3 {[%emt 0:00:06]} g6 {[%emt 0:00:25]} 23. Bh6 {[%emt 0:02:59]} Rfe8 {[%emt 0:00:38]} 24. Rcd1 {[%emt 0:04:47]} f5 {[%emt 0:19:02]} 25. exf6 {[%emt 0:04:49]} Bxf6 {[%emt 0:00:11]} 26. b4 {[%emt 0:02:44]} Rcd8 {[%emt 0:02:19]} 27. Ba2 {[%emt 0:03:07]} Nf7 {[%emt 0:03:54]} 28. Bf4 {[%emt 0:02:36]} g5 {[%emt 0:02:11]} 29. b5 {[%emt 0:04:49]} gxf4 {[%emt 0:05:16]} 30. bxc6 {[%emt 0:00:04]} Qxc6 {[%emt 0:00:09]} 31. Bb1 {[%emt 0:00:36]} e5 {[%emt 0:10:36]} 32. Qxh7+ {[%emt 0:00:14]} Kf8 {[%emt 0:00:08]} 33. Bg6 {[%emt 0:01:13]} Rd7 {[%emt 0:02:50]} 34. Bxf7 {[%emt 0:01:59]} Rxf7 {[%emt 0:00:19]} 35. Qh6+ {[%emt 0:00:06]} Kg8 {[%emt 0:01:12]} 36. Nxe5 {[%emt 0:01:32]} Qc3 {[%emt 0:06:40]} 37. Qg6+ {[%emt 0:00:31]} Rg7 {[%emt 0:00:16]} 38. Qxe8+ {[%emt 0:00:10]} Kh7 {[%emt 0:00:11]} 39. Ng6 {[%emt 0:00:58]} f3 {[%emt 0:00:44]} 40. Qh8# {[%emt 0:00:09]} 1-0

[Event "30th Klatovy A 2024"]
[Site "Klatovy CZE"]
[Date "2024.07.01"]
[Round "3.11"]
[White "Andrle, Filip"]
[Black "Lhotsky, Zdenek"]
[Result "0-1"]
[WhiteElo "2036"]
[BlackElo "1918"]
[PlyCount "66"]
[EventDate "2024.06.29"]
[EventType "swiss"]
[EventRounds "9"]
[EventCountry "CZE"]

1. e4 {[%emt 0:00:02]} c5 {[%emt 0:00:06]} 2. Nf3 {[%emt 0:00:39]} d6 {[%emt 0:00:12]} 3. d4 {[%emt 0:00:08]} cxd4 {[%emt 0:00:06]} 4. Nxd4 {[%emt 0:00:04]} Nf6 {[%emt 0:00:07]} 5. Nc3 {[%emt 0:00:04]} a6 {[%emt 0:00:07]} 6. Bg5 {[%emt 0:00:06]} Nbd7 {[%emt 0:01:26]} 7. Qe2 {[%emt 0:00:25]} Qc7 {[%emt 0:03:36]} 8. O-O-O {[%emt 0:00:47]} e6 {[%emt 0:02:01]} 9. f4 {[%emt 0:02:01]} Be7 {[%emt 0:01:01]} 10. g4 {[%emt 0:01:22]} b5 {[%emt 0:01:56]} 11. Bxf6 {[%emt 0:01:26]} Nxf6 {[%emt 0:01:40]} 12. Bg2 {[%emt 0:04:11]} Rb8 {[%emt 0:02:36]} 13. e5 {[%emt 0:02:38]} dxe5 {[%emt 0:05:26]} 14. fxe5 {[%emt 0:07:03]} Nd7 {[%emt 0:00:42]} 15. Nc6 {[%emt 0:03:44]} Bg5+ {[%emt 0:01:13]} 16. Kb1 {[%emt 0:00:07]} Rb6 {[%emt 0:00:07]} 17. Ne4 {[%emt 0:02:14]} Rxc6 {[%emt 0:01:45]} 18. Nxg5 {[%emt 0:15:08]} Rc5 {[%emt 0:03:32]} 19. Ne4 {[%emt 0:23:58]} Rxe5 {[%emt 0:05:27]} 20. Qf2 {[%emt 0:01:20]} O-O {[%emt 0:05:28]} 21. Qg3 {[%emt 0:17:56]} Nb6 {[%emt 0:13:42]} 22. g5 {[%emt 0:06:20]} Kh8 {[%emt 0:03:10]} 23. Rhf1 {[%emt 0:02:26]} Nd5 {[%emt 0:09:15]} 24. g6 {[%emt 0:08:37]} f6 {[%emt 0:11:26]} 25. c4 {[%emt 0:15:40]} bxc4 {[%emt 0:04:40]} 26. Ng5 {[%emt 0:00:44]} Re2 {[%emt 0:12:04]} 27. Qh4 {[%emt 0:05:38]} h6 {[%emt 0:00:15]} 28. Nf7+ {[%emt 0:00:31]} Kg8 {[%emt 0:02:18]} 29. Bxd5 {[%emt 0:01:35]} exd5 {[%emt 0:00:12]} 30. Rxd5 {[%emt 0:01:00]} Be6 {[%emt 0:04:16]} 31. Rh5 {[%emt 0:00:47]} Qb6 {[%emt 0:00:46]} 32. b3 {[%emt 0:00:58]} Qe3 {[%emt 0:00:27]} 33. Rd1 {[%emt 0:01:28]} Qc3 {[%emt 0:00:21]} 0-1

[Event "30th Klatovy A 2024"]
[Site "Klatovy CZE"]
[Date "2024.07.01"]
[Round "3.12"]
[White "Velim, Vojtech"]
[Black "Krivka, Matej"]
[Result "1-0"]
[WhiteElo "1979"]
[BlackElo "1914"]
[PlyCount "77"]
[EventDate "2024.06.29"]
[EventType "swiss"]
[EventRounds "9"]
[EventCountry "CZE"]

1. d4 {[%emt 0:00:02]} Nf6 {[%emt 0:00:13]} 2. c4 {[%emt 0:00:06]} g6 {[%emt 0:00:16]} 3. Nc3 {[%emt 0:00:07]} Bg7 {[%emt 0:00:24]} 4. e4 {[%emt 0:00:12]} d6 {[%emt 0:00:22]} 5. Nf3 {[%emt 0:00:07]} O-O {[%emt 0:00:36]} 6. Be2 {[%emt 0:00:04]} Nbd7 {[%emt 0:00:33]} 7. O-O {[%emt 0:00:10]} e5 {[%emt 0:00:37]} 8. dxe5 {[%emt 0:00:25]} dxe5 {[%emt 0:01:48]} 9. Qc2 {[%emt 0:00:08]} c6 {[%emt 0:02:44]} 10. h3 {[%emt 0:01:39]} Qe7 {[%emt 0:02:20]} 11. Be3 {[%emt 0:00:52]} Nh5 {[%emt 0:14:42]} 12. Rfd1 {[%emt 0:05:01]} Nf4 {[%emt 0:05:34]} 13. Qd2 {[%emt 0:03:31]} Nxe2+ {[%emt 0:03:38]} 14. Qxe2 {[%emt 0:00:24]} f5 {[%emt 0:14:36]} 15. a3 {[%emt 0:06:23]} f4 {[%emt 0:02:54]} 16. Bc1 {[%emt 0:00:05]} g5 {[%emt 0:03:33]} 17. b4 {[%emt 0:01:33]} a5 {[%emt 0:02:03]} 18. b5 {[%emt 0:01:25]} a4 {[%emt 0:11:46]} 19. Rb1 {[%emt 0:03:38]} h5 {[%emt 0:01:45]} 20. Qd3 {[%emt 0:09:25]} g4 {[%emt 0:03:07]} 21. hxg4 {[%emt 0:00:09]} hxg4 {[%emt 0:00:07]} 22. Nh2 {[%emt 0:00:06]} Qh4 {[%emt 0:02:59]} 23. Qd6 {[%emt 0:09:23]} Rf6 {[%emt 0:06:10]} 24. Qe7 {[%emt 0:02:10]} Bf8 {[%emt 0:01:55]} 25. Qd8 {[%emt 0:01:08]} g3 {[%emt 0:10:43]} 26. Nf3 {[%emt 0:12:48]} gxf2+ {[%emt 0:05:23]} 27. Kf1 {[%emt 0:00:30]} Qg4 {[%emt 0:02:00]} 28. Nxe5 {[%emt 0:29:19]} Nxe5 {[%emt 0:18:03]} 29. Qxf6 {[%emt 0:00:08]} Be6 {[%emt 0:01:14]} 30. Qxe5 {[%emt 0:11:39]} Bg7 {[%emt 0:06:30]} 31. Qc7 {[%emt 0:02:36]} f3 {[%emt 0:02:59]} 32. g3 {[%emt 0:01:16]} Qh3+ {[%emt 0:01:16]} 33. Kxf2 {[%emt 0:00:05]} Qg2+ {[%emt 0:02:13]} 34. Ke3 {[%emt 0:00:16]} Bh6+ {[%emt 0:01:44]} 35. Kd3 {[%emt 0:00:04]} f2 {[%emt 0:00:25]} 36. Bxh6 {[%emt 0:00:21]} Qf3+ {[%emt 0:00:29]} 37. Kc2 {[%emt 0:00:16]} Bf7 {[%emt 0:00:32]} 38. Qe5 {[%emt 0:05:44]} Qg4 {[%emt 0:00:25]} 39. Qg5+ {[%emt 0:02:43]} 1-0

[Event "30th Klatovy A 2024"]
[Site "Klatovy CZE"]
[Date "2024.07.01"]
[Round "3.13"]
[White "Kroulik, Vaclav"]
[Black "Bara, Jan"]
[Result "1-0"]
[WhiteElo "1976"]
[BlackElo "1909"]
[PlyCount "107"]
[EventDate "2024.06.29"]
[EventType "swiss"]
[EventRounds "9"]
[EventCountry "CZE"]

1. d4 Nf6 2. c4 g6 3. Nf3 Bg7 4. Nc3 d5 5. Bg5 Ne4 6. cxd5 Nxg5 7. Nxg5 e6 8. Qd2 h6 9. Nf3 exd5 10. e3 Bf5 11. Bd3 Bxd3 12. Qxd3 O-O 13. O-O c6 14. b4 Nd7 15. a4 a6 16. b5 axb5 17. axb5 Qf6 18. bxc6 bxc6 19. Ra6 Nc5 20. dxc5 Qxc3 21. Qxc3 Bxc3 22. Rxc6 Rac8 23. Nd4 Rxc6 24. Nxc6 Bf6 25. Nb4 d4 26. Nd5 Bg7 27. c6 Kh7 28. c7 dxe3 29. fxe3 Be5 30. Rxf7+ Rxf7 31. c8=Q Bg7 32. Qe6 Rf8 33. Ne7 Bf6 34. g3 Kg7 35. Nd5 Bg5 36. h4 Bd8 37. Ne7 Bxe7 38. Qxe7+ Rf7 39. Qc5 Rf5 40. Qd4+ Kf7 41. e4 Rf6 42. e5 Re6 43. Qf4+ Ke7 44. Qxh6 Rxe5 45. Qxg6 Re1+ 46. Kf2 Re6 47. Qg7+ Kd6 48. h5 Re7 49. Qd4+ Ke6 50. g4 Rf7+ 51. Kg3 Rd7 52. Qxd7+ Kf6 53. Qf5+ Ke7 54. h6 1-0

[Event "30th Klatovy A 2024"]
[Site "Klatovy CZE"]
[Date "2024.07.01"]
[Round "3.14"]
[White "Stein, Michael 2009"]
[Black "Vana, Jan 2010"]
[Result "0-1"]
[WhiteElo "1965"]
[BlackElo "1875"]
[PlyCount "56"]
[EventDate "2024.06.29"]
[EventType "swiss"]
[EventRounds "9"]
[EventCountry "CZE"]

1. e4 c5 2. Nf3 Nc6 3. Bb5 e6 4. Bxc6 bxc6 5. d3 Ne7 6. Qe2 Ng6 7. O-O Be7 8. Nc3 e5 9. h3 d6 10. Re1 O-O 11. Qd1 f5 12. exf5 Bxf5 13. Ne4 Qd7 14. Ng3 Be6 15. c3 Rf7 16. Ne4 h6 17. Be3 Bxh3 18. gxh3 Qxh3 19. Ned2 Rf4 20. Bxf4 Nxf4 21. Nh4 Qxh4 22. Re3 Nh3+ 23. Rxh3 Qxh3 24. Ne4 d5 25. Ng3 Rf8 26. Qe2 Bd6 27. Nf1 Rf6 28. Re1 e4 0-1

[Event "30th Klatovy A 2024"]
[Site "Klatovy CZE"]
[Date "2024.07.01"]
[Round "3.15"]
[White "Kala, Jakub"]
[Black "Simek, Vladimir"]
[Result "1-0"]
[WhiteElo "1787"]
[BlackElo "1805"]
[PlyCount "65"]
[EventDate "2024.06.29"]
[EventType "swiss"]
[EventRounds "9"]
[EventCountry "CZE"]

1. Nf3 d5 2. c4 Nf6 3. cxd5 Nxd5 4. e4 Nb4 5. d4 e6 6. Be3 Be7 7. Nc3 O-O 8. a3 N4a6 9. Rc1 c6 10. Bd3 Nc7 11. Qc2 h6 12. g4 Nd7 13. Rg1 c5 14. g5 cxd4 15. Bxd4 hxg5 16. h4 e5 17. Bxe5 Nxe5 18. Nxe5 Bd6 19. Ng4 Bf4 20. Rd1 Ne6 21. Be2 Qc7 22. h5 Bd7 23. h6 gxh6 24. Rxd7 Qc6 25. Rd5 Rfd8 26. Nxh6+ Kf8 27. Nf5 Rxd5 28. exd5 Qc5 29. Rh1 f6 30. Rh8+ Kf7 31. dxe6+ Kxe6 32. Rxa8 Qc6 33. Nd4+ 1-0

[Event "30th Klatovy A 2024"]
[Site "Klatovy CZE"]
[Date "2024.07.01"]
[Round "3.16"]
[White "Pick, Stepan"]
[Black "Rudlof, Adam"]
[Result "0-1"]
[WhiteElo "1919"]
[BlackElo "1820"]
[PlyCount "118"]
[EventDate "2024.06.29"]
[EventType "swiss"]
[EventRounds "9"]
[EventCountry "CZE"]

1. Nf3 e6 2. g3 c5 3. Bg2 Nc6 4. c4 Be7 5. O-O h5 6. d4 cxd4 7. Nxd4 Nf6 8. Nc3 h4 9. Nxc6 bxc6 10. e4 hxg3 11. hxg3 Qc7 12. Bf4 e5 13. Be3 d6 14. f3 Nh5 15. Bf2 Be6 16. Qe2 g6 17. Rfc1 f5 18. f4 exf4 19. Nd5 Bxd5 20. cxd5 c5 21. exf5 gxf5 22. Qe6 Nxg3 23. Bxg3 fxg3 24. Qg6+ Kd7 25. Qxg3 Rag8 26. Qf3 Rg5 27. Rc2 Rhg8 28. Qe3 Kd8 29. Re1 Bf6 30. Kf1 Be5 31. Ree2 Qg7 32. Qa3 Bd4 33. Qa5+ Qc7 34. Qxc7+ Kxc7 35. Re7+ Kb6 36. Rf7 R8g7 37. Rxg7 Rxg7 38. b3 f4 39. Be4 Rg1+ 40. Ke2 Rg3 41. Bf3 Rh3 42. a3 Kb5 43. Rc1 Rh2+ 44. Kd3 Rb2 45. b4 Rb3+ 46. Ke4 Be3 47. Be2+ Ka4 48. Rc4 Kxa3 49. bxc5 Bxc5 50. Kxf4 a5 51. Bd1 a4 52. Ke4 Bb4 53. Kd4 Kb2 54. Rc2+ Ka3 55. Kc4 Rh3 56. Rg2 Rc3+ 57. Kd4 Rc1 58. Rg3+ Kb2 59. Bxa4 Bc5+ 0-1

[Event "30th Klatovy A 2024"]
[Site "Klatovy CZE"]
[Date "2024.07.01"]
[Round "3.17"]
[White "Dvorak, Jan"]
[Black "Slivova, Linda"]
[Result "1-0"]
[WhiteElo "2133"]
[BlackElo "1842"]
[PlyCount "99"]
[EventDate "2024.06.29"]
[EventType "swiss"]
[EventRounds "9"]
[EventCountry "CZE"]

1. d4 d5 2. c4 e6 3. Nf3 c6 4. g3 f5 5. Bf4 Nf6 6. Bg2 Bd6 7. Bxd6 Qxd6 8. O-O Nbd7 9. Nc3 O-O 10. Qc2 Ne4 11. Rad1 b6 12. Nd2 Ba6 13. Ncxe4 fxe4 14. Qa4 Bb7 15. Qb3 Kh8 16. f3 exf3 17. Nxf3 Qe7 18. Qe3 dxc4 19. Bh3 Rf6 20. Ng5 Raf8 21. Rxf6 Rxf6 22. Qe4 Rh6 23. Bxe6 Qxg5 24. Bxd7 Qh5 25. h3 Qg6 26. Qf4 Qd6 27. Rf1 Qxf4 28. Rxf4 Kg8 29. Kf2 Rd6 30. Bg4 g5 31. Re4 Kf7 32. Ke3 b5 33. Re5 h6 34. a4 a6 35. h4 gxh4 36. gxh4 Rd8 37. Bf3 Rd6 38. Rc5 Re6+ 39. Kd2 Rd6 40. Kc3 Ke7 41. Bg4 Rd5 42. Rxd5 cxd5 43. axb5 a5 44. b3 cxb3 45. Kxb3 Kd6 46. Ka4 Kc7 47. Kxa5 Ba8 48. b6+ Kc6 49. Ka6 Bb7+ 50. Ka7 1-0

[Event "30th Klatovy A 2024"]
[Site "Klatovy CZE"]
[Date "2024.07.01"]
[Round "3.18"]
[White "Paldus, Jan"]
[Black "Kovar, Petr"]
[Result "1/2-1/2"]
[WhiteElo "1828"]
[BlackElo "1904"]
[PlyCount "125"]
[EventDate "2024.06.29"]
[EventType "swiss"]
[EventRounds "9"]
[EventCountry "CZE"]

1. e4 c5 2. Nf3 Nc6 3. d4 cxd4 4. Nxd4 Nf6 5. Nc3 d6 6. Bg5 Qb6 7. Nb3 Bd7 8. Nd5 Nxd5 9. exd5 Ne5 10. Be3 Qb4+ 11. Qd2 Qxd2+ 12. Nxd2 Ng4 13. Bd4 Nf6 14. c4 e5 15. dxe6 fxe6 16. Bd3 Be7 17. O-O O-O 18. f4 Bc6 19. Rae1 Kf7 20. Re2 Rae8 21. Rfe1 Bd8 22. Bxa7 Ba5 23. Bd4 e5 24. fxe5 dxe5 25. Bc5 Rh8 26. b4 Bc7 27. Ne4 Nxe4 28. Bxe4 Bxe4 29. Rxe4 Rd8 30. Bf2 Rd2 31. Bg3 Ra8 32. Bxe5 Bxe5 33. Rxe5 Raxa2 34. Rg5 Kf6 35. Rg4 g5 36. Rf1+ Kg6 37. h4 h6 38. hxg5 hxg5 39. Rf3 Rab2 40. b5 Rdc2 41. Rfg3 Kf6 42. Rf3+ Kg6 43. Rfg3 Kf6 44. Rxg5 Rxc4 45. Rg6+ Ke5 46. R3g5+ Kd4 47. Rd6+ Ke4 48. Rd7 Kf4 49. Rdg7 Rcc2 50. Rg4+ Kf5 51. Rg3 Kf4 52. Rf3+ Ke4 53. Rfg3 b6 54. R7g4+ Kf5 55. Rg5+ Kf4 56. R3g4+ Ke3 57. Rf5 Rc1+ 58. Kh2 Rc5 59. Rf3+ Ke2 60. Re4+ Kd2 61. Rd4+ Ke2 62. Re4+ Kd2 63. Rd4+ 1/2-1/2

[Event "30th Klatovy A 2024"]
[Site "Klatovy CZE"]
[Date "2024.07.01"]
[Round "3.19"]
[White "Roubik, Vit"]
[Black "Roubal, Matyas"]
[Result "0-1"]
[WhiteElo "1813"]
[BlackElo "1870"]
[PlyCount "86"]
[EventDate "2024.06.29"]
[EventType "swiss"]
[EventRounds "9"]
[EventCountry "CZE"]

1. d4 Nf6 2. c4 g6 3. g3 Bg7 4. Bg2 O-O 5. Nf3 d6 6. O-O Nc6 7. Nc3 e5 8. d5 Nb8 9. e4 Na6 10. Bg5 h6 11. Be3 Ng4 12. Bc1 f5 13. exf5 gxf5 14. Rb1 e4 15. Nd4 Qf6 16. Nce2 Nc5 17. h3 Ne5 18. b3 Ncd3 19. Bf4 a6 20. Bxe5 dxe5 21. Nc2 f4 22. Nc1 Nxc1 23. Rxc1 f3 24. Bh1 Bxh3 25. Re1 h5 26. Rxe4 Bf5 27. Qxf3 Bxe4 28. Qxf6 Rxf6 29. Bxe4 Raf8 30. f3 Rxf3 31. Bxf3 Rxf3 32. Kg2 Rc3 33. Kh3 Bh6 34. Re1 Rxc2 35. Rxe5 Bf8 36. Re8 Kf7 37. Re3 Rxa2 38. Kh4 Rh2+ 39. Kg5 Be7+ 40. Kf5 Rh3 41. Rf3 Bf6 42. Kf4 h4 43. Kg4 Rxg3+ 0-1

[Event "30th Klatovy A 2024"]
[Site "Klatovy CZE"]
[Date "2024.07.01"]
[Round "3.20"]
[White "Zrust, Lukas"]
[Black "Feierfeil, Jiri"]
[Result "1-0"]
[WhiteElo "1850"]
[BlackElo "1717"]
[PlyCount "47"]
[EventDate "2024.06.29"]
[EventType "swiss"]
[EventRounds "9"]
[EventCountry "CZE"]

1. e4 c5 2. Nf3 d6 3. d4 cxd4 4. Nxd4 Nf6 5. Nc3 a6 6. Be2 e6 7. Be3 Be7 8. Qd2 Nc6 9. f3 Qc7 10. g4 b5 11. g5 Nd7 12. f4 Nc5 13. Nxc6 Qxc6 14. Qd4 e5 15. fxe5 Ne6 16. Qd5 Bb7 17. exd6 Bxd6 18. O-O-O Be7 19. Rhg1 Rd8 20. Qxc6+ Bxc6 21. Nd5 Bc5 22. Bxc5 Nxc5 23. Bf3 O-O 24. Ne7+ 1-0

[Event "30th Klatovy A 2024"]
[Site "Klatovy CZE"]
[Date "2024.07.03"]
[Round "5.1"]
[White "Soural, Jan"]
[Black "Straka, Vojtech"]
[Result "1/2-1/2"]
[WhiteElo "2098"]
[BlackElo "2436"]
[PlyCount "82"]
[EventDate "2024.06.29"]
[EventType "swiss"]
[EventRounds "9"]
[EventCountry "CZE"]

1. c4 {[%emt 0:00:02]} c5 {[%emt 0:00:23]} 2. Nf3 {[%emt 0:00:09]} g6 {[%emt 0:01:32]} 3. Nc3 {[%emt 0:00:38]} Bg7 {[%emt 0:00:08]} 4. g3 {[%emt 0:01:00]} Nc6 {[%emt 0:00:24]} 5. Bg2 {[%emt 0:00:15]} d6 {[%emt 0:00:11]} 6. d3 {[%emt 0:04:44]} e6 {[%emt 0:01:15]} 7. O-O {[%emt 0:00:38]} Nge7 {[%emt 0:00:09]} 8. Bg5 {[%emt 0:14:27]} h6 {[%emt 0:01:20]} 9. Bxe7 {[%emt 0:00:47]} Qxe7 {[%emt 0:00:46]} 10. e3 {[%emt 0:10:40]} O-O {[%emt 0:07:51]} 11. d4 {[%emt 0:01:25]} Rb8 {[%emt 0:18:16]} 12. dxc5 {[%emt 0:36:10]} dxc5 {[%emt 0:00:51]} 13. Rc1 {[%emt 0:00:02]} b6 {[%emt 0:06:44]} 14. Qe2 {[%emt 0:00:25]} Bb7 {[%emt 0:00:28]} 15. Rfd1 {[%emt 0:00:08]} Rfd8 {[%emt 0:00:28]} 16. Nd2 {[%emt 0:13:22]} Ne5 {[%emt 0:14:18]} 17. Nf3 {[%emt 0:15:54]} Nc6 {[%emt 0:11:12]} 18. Nd2 {[%emt 0:00:20]} Nb4 {[%emt 0:00:55]} 19. Ndb1 {[%emt 0:04:14]} h5 {[%emt 0:13:49]} 20. Rxd8+ {[%emt 0:03:48]} Rxd8 {[%emt 0:01:38]} 21. Rd1 {[%emt 0:00:03]} Bxg2 {[%emt 0:13:48]} 22. Rxd8+ {[%emt 0:02:48]} Qxd8 {[%emt 0:00:21]} 23. Kxg2 {[%emt 0:00:02]} Nd3 {[%emt 0:03:06]} 24. b3 {[%emt 0:03:27]} Qa8+ {[%emt 0:00:51]} 25. f3 {[%emt 0:01:49]} Ne5 {[%emt 0:01:02]} 26. Ne4 {[%emt 0:05:02]} f5 {[%emt 0:07:27]} 27. Ng5 {[%emt 0:01:39]} Qc6 {[%emt 0:00:22]} 28. Qd1 {[%emt 0:01:30]} Bf6 {[%emt 0:00:11]} 29. h4 {[%emt 0:01:28]} Bxg5 {[%emt 0:04:51]} 30. hxg5 {[%emt 0:00:02]} Nf7 {[%emt 0:00:21]} 31. Kf2 {[%emt 0:01:49]} Kg7 {[%emt 0:00:12]} 32. f4 {[%emt 0:00:05]} Nd6 {[%emt 0:00:15]} 33. Nd2 {[%emt 0:01:11]} Kh7 {[%emt 0:05:14]} 34. Qa1 {[%emt 0:00:50]} Qd7 {[%emt 0:02:04]} 35. a4 {[%emt 0:04:08]} Ne4+ {[%emt 0:08:21]} 36. Nxe4 {[%emt 0:00:06]} fxe4 {[%emt 0:00:05]} 37. Qf6 {[%emt 0:01:27]} Qd2+ {[%emt 0:00:11]} 38. Kf1 {[%emt 0:00:04]} Qd1+ {[%emt 0:00:17]} 39. Kg2 {[%emt 0:00:13]} Qf3+ {[%emt 0:00:23]} 40. Kh2 {[%emt 0:00:06]} Qe2+ {[%emt 0:00:43]} 41. Kh1 {[%emt 0:01:19]} Qf1+ {[%emt 0:01:03]} 1/2-1/2

[Event "30th Klatovy A 2024"]
[Site "Klatovy CZE"]
[Date "2024.07.03"]
[Round "5.2"]
[White "Kroulik, Vaclav"]
[Black "Skypala, Ondrej"]
[Result "1/2-1/2"]
[WhiteElo "1976"]
[BlackElo "2223"]
[PlyCount "206"]
[EventDate "2024.06.29"]
[EventType "swiss"]
[EventRounds "9"]
[EventCountry "CZE"]

1. e4 {[%emt 0:00:05]} e6 {[%emt 0:03:10]} 2. d4 {[%emt 0:00:19]} d5 {[%emt 0:00:05]} 3. Nd2 {[%emt 0:00:17]} c5 {[%emt 0:00:05]} 4. exd5 {[%emt 0:00:22]} Qxd5 {[%emt 0:00:08]} 5. Ngf3 {[%emt 0:00:40]} cxd4 {[%emt 0:00:05]} 6. Bc4 {[%emt 0:00:26]} Qd7 {[%emt 0:00:40]} 7. Nb3 {[%emt 0:05:08]} Nc6 {[%emt 0:00:05]} 8. Nbxd4 {[%emt 0:02:57]} Nxd4 {[%emt 0:00:21]} 9. Qxd4 {[%emt 0:03:41]} Qxd4 {[%emt 0:00:06]} 10. Nxd4 {[%emt 0:00:06]} a6 {[%emt 0:00:06]} 11. O-O {[%emt 0:02:31]} Nf6 {[%emt 0:00:23]} 12. Bf4 {[%emt 0:05:02]} Bd7 {[%emt 0:06:51]} 13. Rad1 {[%emt 0:04:52]} Rc8 {[%emt 0:03:27]} 14. Bb3 {[%emt 0:03:21]} Bc5 {[%emt 0:01:11]} 15. Rfe1 {[%emt 0:10:47]} O-O {[%emt 0:01:24]} 16. Nf3 {[%emt 0:02:06]} Rfd8 {[%emt 0:04:49]} 17. Ne5 {[%emt 0:04:16]} Be8 {[%emt 0:04:44]} 18. Kf1 {[%emt 0:08:56]} Kf8 {[%emt 0:00:50]} 19. Nd3 {[%emt 0:11:51]} Bd4 {[%emt 0:03:29]} 20. Be5 {[%emt 0:04:18]} Bb5 {[%emt 0:02:29]} 21. a4 {[%emt 0:09:44]} Bc4 {[%emt 0:13:16]} 22. Bxc4 {[%emt 0:05:00]} Rxc4 {[%emt 0:00:57]} 23. c3 {[%emt 0:00:30]} Bb6 {[%emt 0:08:26]} 24. b3 {[%emt 0:03:02]} Rcc8 {[%emt 0:00:54]} 25. h3 {[%emt 0:10:54]} Rd7 {[%emt 0:11:28]} 26. Nb2 {[%emt 0:04:29]} Rxd1 {[%emt 0:03:16]} 27. Rxd1 {[%emt 0:00:19]} Bc7 {[%emt 0:07:40]} 28. Bd4 {[%emt 0:01:53]} Ne4 {[%emt 0:00:43]} 29. Nc4 {[%emt 0:02:15]} Bf4 {[%emt 0:03:11]} 30. g3 {[%emt 0:03:31]} Bc7 {[%emt 0:02:55]} 31. a5 {[%emt 0:01:00]} Rd8 {[%emt 0:04:12]} 32. Re1 {[%emt 0:02:36]} Nf6 {[%emt 0:03:12]} 33. b4 {[%emt 0:00:43]} Nd5 {[%emt 0:01:19]} 34. Ne3 {[%emt 0:00:33]} Nxe3+ {[%emt 0:01:49]} 35. Rxe3 {[%emt 0:00:07]} Rd5 {[%emt 0:01:25]} 36. f4 {[%emt 0:02:20]} g6 {[%emt 0:00:26]} 37. Ke2 {[%emt 0:01:16]} Ke8 {[%emt 0:00:39]} 38. Bf6 {[%emt 0:02:26]} Rb5 {[%emt 0:04:33]} 39. Rd3 {[%emt 0:00:55]} Rf5 {[%emt 0:01:27]} 40. Bg5 {[%emt 0:01:09]} Rb5 {[%emt 0:00:30]} 41. Bf6 {[%emt 0:00:17]} h6 {[%emt 0:02:38]} 42. Bg7 {[%emt 0:00:46]} Bd8 {[%emt 0:04:24]} 43. g4 {[%emt 0:01:57]} h5 {[%emt 0:01:02]} 44. Be5 {[%emt 0:01:50]} hxg4 {[%emt 0:00:58]} 45. hxg4 {[%emt 0:00:01]} g5 {[%emt 0:00:47]} 46. Bd6 {[%emt 0:01:16]} gxf4 {[%emt 0:00:20]} 47. Bxf4 {[%emt 0:02:42]} b6 {[%emt 0:00:26]} 48. axb6 {[%emt 0:00:22]} Bxb6 {[%emt 0:00:07]} 49. Bd6 {[%emt 0:02:00]} Rg5 {[%emt 0:01:06]} 50. Kf3 {[%emt 0:00:10]} a5 {[%emt 0:00:42]} 51. bxa5 {[%emt 0:00:29]} Rxa5 {[%emt 0:00:15]} 52. Bb4 {[%emt 0:01:53]} Ra1 {[%emt 0:01:08]} 53. Rd2 {[%emt 0:04:31]} Rf1+ {[%emt 0:00:53]} 54. Ke4 {[%emt 0:00:35]} Rg1 {[%emt 0:01:02]} 55. Kf3 {[%emt 0:00:07]} Bc7 {[%emt 0:00:24]} 56. Rg2 {[%emt 0:00:13]} Rc1 {[%emt 0:01:07]} 57. Rd2 {[%emt 0:00:47]} Be5 {[%emt 0:00:52]} 58. Rd3 {[%emt 0:00:05]} Rf1+ {[%emt 0:00:49]} 59. Kg2 {[%emt 0:00:41]} Rf4 {[%emt 0:00:13]} 60. Kh3 {[%emt 0:00:11]} Rf2 {[%emt 0:00:24]} 61. Kh4 {[%emt 0:01:18]} Bf4 {[%emt 0:01:05]} 62. Bc5 {[%emt 0:00:21]} Rh2+ {[%emt 0:00:29]} 63. Rh3 {[%emt 0:00:05]} Bg5+ {[%emt 0:01:44]} 64. Kg3 {[%emt 0:00:05]} Bf4+ {[%emt 0:03:28]} 65. Kh4 {[%emt 0:00:06]} Rc2 {[%emt 0:00:12]} 66. Rf3 {[%emt 0:01:51]} e5 {[%emt 0:01:25]} 67. g5 {[%emt 0:01:19]} Rh2+ {[%emt 0:01:06]} 68. Kg4 {[%emt 0:00:51]} Rg2+ {[%emt 0:00:05]} 69. Kf5 {[%emt 0:00:08]} Rxg5+ {[%emt 0:00:06]} 70. Kf6 {[%emt 0:00:34]} Rg6+ {[%emt 0:01:43]} 71. Kf5 {[%emt 0:00:05]} Kd7 {[%emt 0:01:41]} 72. Be3 {[%emt 0:01:40]} Bg3 {[%emt 0:06:30]} 73. Bf2 {[%emt 0:00:26]} Bh2 {[%emt 0:01:17]} 74. Rh3 {[%emt 0:00:27]} Rg2 {[%emt 0:00:09]} 75. Rf3 {[%emt 0:00:44]} Kd6 {[%emt 0:01:29]} 76. c4 {[%emt 0:00:38]} Ke7 {[%emt 0:04:48]} 77. Bc5+ {[%emt 0:00:21]} Kd7 {[%emt 0:00:07]} 78. Kf6 {[%emt 0:00:46]} e4 {[%emt 0:01:25]} 79. Rf1 {[%emt 0:00:08]} Rc2 {[%emt 0:01:04]} 80. Kxf7 {[%emt 0:00:33]} Rxc4 {[%emt 0:00:06]} 81. Be3 {[%emt 0:00:13]} Rc3 {[%emt 0:01:30]} 82. Re1 {[%emt 0:00:21]} Kd6 {[%emt 0:00:49]} 83. Kf6 {[%emt 0:00:27]} Kd5 {[%emt 0:00:11]} 84. Kf5 {[%emt 0:00:14]} Rd3 {[%emt 0:00:08]} 85. Re2 {[%emt 0:00:28]} Bd6 {[%emt 0:00:08]} 86. Rd2 {[%emt 0:00:53]} Rxd2 {[%emt 0:01:54]} 87. Bxd2 {[%emt 0:00:05]} Kd4 {[%emt 0:00:04]} 88. Bg5 {[%emt 0:01:08]} Kd3 {[%emt 0:00:06]} 89. Bh6 {[%emt 0:00:28]} Bb4 {[%emt 0:00:52]} 90. Bf4 {[%emt 0:00:39]} Bc5 {[%emt 0:00:06]} 91. Bg5 {[%emt 0:00:10]} Be3 {[%emt 0:00:05]} 92. Be7 {[%emt 0:00:11]} Bd2 {[%emt 0:00:22]} 93. Bc5 {[%emt 0:00:12]} Bc3 {[%emt 0:00:06]} 94. Bf2 {[%emt 0:01:19]} Bd4 {[%emt 0:00:19]} 95. Be1 {[%emt 0:00:10]} e3 {[%emt 0:00:26]} 96. Kf4 {[%emt 0:00:38]} Ke2 {[%emt 0:00:05]} 97. Bb4 {[%emt 0:01:27]} Bb6 {[%emt 0:01:28]} 98. Bc3 {[%emt 0:00:12]} Kd1 {[%emt 0:00:30]} 99. Kf3 {[%emt 0:00:28]} e2 {[%emt 0:00:08]} 100. Ke4 {[%emt 0:00:50]} Bf2 {[%emt 0:00:40]} 101. Kd3 {[%emt 0:00:16]} Be1 {[%emt 0:00:09]} 102. Be5 {[%emt 0:00:13]} Bd2 {[%emt 0:00:15]} 103. Bg3 {[%emt 0:00:07]} Bf4 {[%emt 0:00:06]} 1/2-1/2